• 首页
  • 本馆介绍
  • 公告通知
  • 最新文献
  • 馆藏检索
  • 电子资源
  • 读者导购
  • 参考咨询
  • 我的图书馆
  • 登录
  • 详细信息显示
  • 放入我的书架
  • 预约/预借图书
  • 作者相关作品
  • 分类相关作品
  • 丛书相关作品
  • 出版社相关作品

书目信息

  • 表格格式
  • 工作单格式
  • 卡片格式
题名:
风景入画
    
 
作者: 克拉克 著 ;吕澎 译
分册:  
出版信息: 南京   译林出版社  2020.10
页数: 239页
开本: 21cm
丛书名: 克拉克艺术史文集
单 册:
中图分类: J211.26
科图分类:
主题词: 风景画--feng jing hua--绘画研究--西方国家
电子资源:
ISBN: 978-7-5447-8377-4
000 01324nam 2200289 450
001 2254368521
005 20221004150627.44
010    @a978-7-5447-8377-4@dCNY68.00
100    @a20201128d2020 em y0chiy50 ea
101 1  @achi@ceng
102    @aCN@b320000
105    @aa z 001yy
200 1  @a风景入画@Afeng jing ru hua@f(英) 肯尼斯·克拉克著@d= Landscape into art@fKenneth Clark@g吕澎译@zeng
210    @a南京@c译林出版社@d2020.10
215    @a239页@c彩图@d21cm
225 2  @a克拉克艺术史文集@Ake la ke yi shu shi wen ji
314    @a肯尼斯·克拉克, 20世纪杰出的艺术史家、作家、策展人、纪录片主持人。
320    @a有索引
330    @a本书是英国著名艺术史家、作家、策展人肯尼斯·克拉克的代表作, 是系统介绍西方风景艺术的经典著作。作为“第一部西方风景画专著”, 本书明确定位了风景画在西方艺术史中的美学价值。从园林到风景画, 从神祇的乐园到人类感官的苏醒, 从物理空间到抽象理念, 从一种生活方式到一种身份认同, 作者逐一剖析风景画的丰富演进过程, 超越了艺术探讨的范畴, 触及更深刻的哲学意义。
410  0 @12001 @a克拉克艺术史文集
500 10 @aLandscape into art@mChinese
606 0  @a风景画@Afeng jing hua@x绘画研究@x西方国家
690    @aJ211.26@v5
701  1 @a克拉克@Ake la ke@g(Clark, Kenneth),@f1903-1983@4著
702  0 @a吕澎@Alu^ peng@4译
801  0 @aCN@b人天书店@c20201128
905    @aZUCC@dJ211.26@e79
    
    风景入画/(英) 肯尼斯·克拉克著= Landscape into art/Kenneth Clark/吕澎译.-南京:译林出版社,2020.10
    239页:彩图;21cm.-(克拉克艺术史文集)
    
    
    ISBN 978-7-5447-8377-4:CNY68.00
    本书是英国著名艺术史家、作家、策展人肯尼斯·克拉克的代表作, 是系统介绍西方风景艺术的经典著作。作为“第一部西方风景画专著”, 本书明确定位了风景画在西方艺术史中的美学价值。从园林到风景画, 从神祇的乐园到人类感官的苏醒, 从物理空间到抽象理念, 从一种生活方式到一种身份认同, 作者逐一剖析风景画的丰富演进过程, 超越了艺术探讨的范畴, 触及更深刻的哲学意义。
●
相关链接 在五车中查询图书 在当当中查询图书 在豆瓣中查询图书


正题名:风景入画     索取号:J211.26/79         预约/预借

序号 登录号 条形码 馆藏地/架位号 状态 备注
1 2000911111   2000911111   第三书库/ [索取号:J211.26/79] 在馆    
2 2000911112   2000911112   第三书库/ [索取号:J211.26/79] 在馆    
3 2000911113   2000911113   第三书库/ [索取号:J211.26/79] 在馆    
山东省滨州职业学院图书馆 欢迎您!
大连网信软件有限公司© 版权所有